Library Banner

Pakistan mien qaum sazi ka amal = پاکستان میں قوم سازی کا عمل / (Record no. 113423)

MARC details
000 -LEADER
fixed length control field 00561nam a22001577a 4500
005 - DATE AND TIME OF LATEST TRANSACTION
control field 20190801111050.0
008 - FIXED-LENGTH DATA ELEMENTS--GENERAL INFORMATION
fixed length control field 190801b ||||| |||| 00| 0 eng d
020 ## - INTERNATIONAL STANDARD BOOK NUMBER
International Standard Book Number 9698455590
040 ## - CATALOGING SOURCE
Transcribing agency PK-LaUMT
082 ## - DEWEY DECIMAL CLASSIFICATION NUMBER
Classification number MSC 320.5490095491
Item number NIA-P
100 ## - MAIN ENTRY--PERSONAL NAME
Personal name Niaz Ahmad Sungharah = نیاز احمد سنگھیڑہ
245 ## - TITLE STATEMENT
Title Pakistan mien qaum sazi ka amal = پاکستان میں قوم سازی کا عمل /
Statement of responsibility, etc by Niaz Ahmad Sungharah = نیاز احمد سنگھیڑہ
260 ## - PUBLICATION, DISTRIBUTION, ETC. (IMPRINT)
Place of publication, distribution, etc Lahore :
Name of publisher, distributor, etc Jamhori Publications,
Date of publication, distribution, etc NA
300 ## - PHYSICAL DESCRIPTION
Extent 510 p.
942 ## - ADDED ENTRY ELEMENTS (KOHA)
Koha item type Books
Holdings
Withdrawn status Lost status Damaged status Home library Current library Date acquired Full call number Barcode Date last seen Price effective from Koha item type
      UMT Main Campus UMT Main Campus 2019-08-01 MSC 320.5490095491 NIA-P 112565 2019-08-01 2019-08-01 Books